| 000 | 00732nam a2200229 i 4500 | ||
|---|---|---|---|
| 001 | 78073 | ||
| 003 | ES-MaACL | ||
| 005 | 20250830225153.0 | ||
| 007 | t| | ||
| 008 | 041011s1964 sp ||||1| spa d | ||
| 100 | 1 |
_aHarris, Seymour Edwin. _961923 |
|
| 245 | 1 | 3 |
_aEl dolar en crisis / _cpor Seymour E. Harris y colaboradores ; traducido por Luis Guereca Tosantos. |
| 260 |
_aBilbao : _bDeusto, _c[1964] |
||
| 300 |
_a368 p. ; _c22 cm. |
||
| 490 | 1 | _aEconomía | |
| 650 | 4 |
_aBalanza de pagos- _zEstados Unidos. _9166551 |
|
| 651 | 4 |
_aEstados Unidos- _xPolítica económica _98549 |
|
| 700 | 1 |
_aGuereca Tosantos, Luis. _960455 |
|
| 830 | 0 |
_aEconomía _9177792 |
|
| 852 |
_aES-MaACL _jC-25408 _bR.54276 |
||
| 999 |
_c78073 _d78073 |
||